000 00570nam a2200205Ia 4500
008 220216s9999 xx 000 0 und d
100 _aBarbnes S.H
245 3 _aAn ionomeric renewable thermoplastic from lignin-reinforced rubber
260 _bMacromolecular Rapid Communication
_c2019
500 _aSource Year: 2019
650 _aLignin-reinforced rubber
700 _aBowland C.C
700 _aChen J
700 _aGoswami M
700 _aKeum J.K
700 _aNaskar A.K
700 _aNguyen N.A
856 _udoi: 10.1002/marc.201900059
942 _cJS
999 _c54174
_d54174